Skiny ze skrzynki Chromatyczności 3 - Statystyki

Ogólne statystyki
  • Ten quiz został rozwiązany 4 razy
  • Średni wynik to 2 z 17
Statystyki odpowiedzi
Jakość Broń Skin % Poprawnych
Różowy P250 Asiimov
67%
Czerwony PP-Bizon Osąd Anubisa
67%
Różowy AUG Klucz ptaków
33%
Różowy UMP-45 Szablozębny
33%
Niebieski Dwie beretty Wywietrzniki
33%
Niebieski SG 553 Atlas
0%
Fioletowy CZ75-Auto Czerwony astor
0%
Fioletowy SSG 08 Eteryczny krzyżowiec
0%
Niebieski Obrzyn Fubar
0%
Niebieski P2000 Oceaniczny
0%
Czerwony M4A1-S Płomień Chantico
0%
Niebieski G3SG1 Pomarańczowa kraksa
0%
Fioletowy XM1014 Strój galowy
0%
Fioletowy Galil AR Strzelanina
0%
Niebieski M249 Widmo
0%
Niebieski MP9 Wyciek biologiczny
0%
Fioletowy Tec-9 Zapłon
0%
Nie znaleziono quizów pasujących do podanych kryteriów
Rozkład punktacji
Procent ludzi z każdym wynikiem
Percentyl według liczby udzielonych odpowiedzi
Twoja historia wyników
Nie rozwiązałeś tego quizu